000 00288nam a22001337a 4500
008 180904b xxu||||| |||| 00| 0 eng d
020 _a9780023632105
041 _aeng
080 _a941
100 _a17
101 _aHIS
245 _aThe Western Heritage
_cKagan, D
942 _2udc
_cBK
999 _c47509
_d47509